• 首页
  • 本馆介绍
  • 公告通知
  • 最新文献
  • 馆藏检索
  • 电子资源
  • 读者导购
  • 参考咨询
  • 我的图书馆
  • 登录
  • 详细信息显示
  • 放入我的书架
  • 预约/预借图书
  • 作者相关作品
  • 分类相关作品
  • 丛书相关作品
  • 出版社相关作品

书目信息

  • 表格格式
  • 工作单格式
  • 卡片格式
题名:
光纤传感技术与应用
    
 
作者: 廖延彪 编著
分册:  
出版信息: 北京   清华大学出版社  2009.12
页数: 16,336页
开本: 23cm
丛书名:
单 册:
中图分类: TP212.14
科图分类:
主题词: 光纤器件--光电传感器--高等学校--教材
电子资源:
ISBN: 978-7-302-17866-8
000 01300nam0 2200277 45
001 012001001701
005 20140904161346.0
010    @a978-7-302-17866-8@dCNY38.00
100    @a20090116d2009 em y0chiy50 ea
101 0  @achi
102    @aCN@b110000
105    @ay z 000yy
106    @ar
200 1  @a光纤传感技术与应用@Aguang xian chuan gan ji shu yu ying yong@b专著@dOptical fiber sensing Techniques and Applications@f廖延彪[等]编著@zeng
210    @a北京@c清华大学出版社@d2009.12
215    @a16,336页@d23cm
300    @a清华大学信息科学技术学院教材——微电子光电子系列
300    @a并列题名:Optical fiber sensing Techniques and Applications
304    @a编著者还有: 黎敏、张敏、匡武
330    @a本书在全面介绍各类光纤传感器的基础上,分析和讨论了在设计和应用光纤传感器时要注意的一些基本问题和关键技术,并给出了光纤传感器的典型应用实例。其中包括光纤和光纤器件的选用、连接和封装,光纤传感网,相位调制型光纤传感器的信号解调,以及光纤传感器在电力、石油化工、生医生化、航空航天、环保、国防等领域的典型应用。
510 1  @aOptical fiber sensing Techniques and Applications@zeng
606 0  @a光纤器件@x光电传感器@x高等学校@j教材
690    @aTP212.14@v4
701  0 @a廖延彪@Aliao yan biao@f(1935~)@4编著
801  0 @aCN@bBJSDL@c20211011
905    @b1336878-81@dTP212.14@e139@f4
    
    光纤传感技术与应用=Optical fiber sensing Techniques and Applications/廖延彪[等]编著.-北京:清华大学出版社,2009.12
    16,336页;23cm
    清华大学信息科学技术学院教材——微电子光电子系列.-并列题名:Optical fiber sensing Techniques and Applications
    
    ISBN 978-7-302-17866-8:CNY38.00
    本书在全面介绍各类光纤传感器的基础上,分析和讨论了在设计和应用光纤传感器时要注意的一些基本问题和关键技术,并给出了光纤传感器的典型应用实例。其中包括光纤和光纤器件的选用、连接和封装,光纤传感网,相位调制型光纤传感器的信号解调,以及光纤传感器在电力、石油化工、生医生化、航空航天、环保、国防等领域的典型应用。
●
相关链接 在E读中查询图书 在五车中查询图书 在当当中查询图书 在豆瓣中查询图书


正题名:光纤传感技术与应用     索取号:TP212.14/139         预约/预借

序号 登录号 条形码 馆藏地/架位号 状态 备注
1 1336878   213368782   第二样本阅览室/ [索取号:TP212.14/139] 在馆    
2 1336879   213368791   第三借阅区/ [索取号:TP212.14/139] 在馆    
3 1336880   213368808   第三借阅区/ [索取号:TP212.14/139] 在馆    
4 1336881   213368817   第三借阅区/ [索取号:TP212.14/139] 在馆    
唐山师范学院图书馆 欢迎您!
大连网信软件有限公司© 版权所有